Loading...
Keral Ki Samskriti
| Format: | Printed Book |
|---|---|
| Language: | English |
| Published: |
1982.
|
| LEADER | 00346nam a2200109Ia 4500 | ||
|---|---|---|---|
| 008 | 121027s9999 xx 000 0 eng d | ||
| 999 | |c 64656 |d 64656 | ||
| 082 | |a 301.295483 | ||
| 245 | |a Keral Ki Samskriti | ||
| 260 | |c 1982. | ||
| 942 | |c BK | ||
| 952 | |0 0 |1 0 |2 ddc |4 0 |6 301_295483000000000_KUT_H |7 0 |9 64633 |a UL |b UL |c ST2 |d 2012-10-27 |l 0 |o 301.295483 KUT H |p G3493 |r 2012-10-27 |y BK | ||